| 000 | 00642nam a2200205 a 4500 | ||
|---|---|---|---|
| 005 | 20240831063707.0 | ||
| 008 | 991125s1996 es 000 0 spa u | ||
| 020 | _a8423642267 | ||
| 035 | _aUPN01000037695 | ||
| 049 | _aI | ||
| 050 | 4 |
_aPZ8 _aP3.88 |
|
| 100 | 1 |
_aPaloma Sanllehi, David, _d1969- _935878 |
|
| 245 | 1 | 4 |
_aUna medicina para no llorar / _cDavid Paloma; il. Mercé Aránega. |
| 260 |
_aBarcelona, Esp. : _bEdebé, _c1996. |
||
| 300 |
_a[25] p. : _bprincipalmente il. col. |
||
| 534 |
_pTítulo original: _tUna medecina per no plorar |
||
| 650 | 4 |
_aCuentos infantiles españoles _97725 |
|
| 905 | _aInfantil | ||
| 999 |
_c37695 _d37695 |
||